000 00689nam a2200241 i 4500
001 14907
003 ES-MaACL
005 20230906150930.0
007 t|
008 991117s1999 sp |||| | spa d
020 _a84-8306-155-4
080 _a338.1(100)"1995/.."
100 1 _aSoros, George.
_9107421
245 1 3 _aLa crisis del capitalismo global
_b: la sociedad abierta en peligro /
_cGeorge Soros.
250 _a1ª ed.
260 _aMadrid :
_bDebate,
_c1999.
300 _a277 p. ;
_c24 cm.
490 1 _aTemas de debate
650 1 4 _aEconomía mundial-
_y1989-2008.
_9168837
830 1 _aTemas de debate
_9179795
852 _aES-MaACL
_jL-22134
999 _c14907
_d14907